[Event "GER-ch 79th"]
[Site "Bad Woerishofen "]
[Date "2008.02.22"]
[Round "8"]
[White "Schuetze, Norman"]
[Black "Meister, Jakob [RUS]"]
[Result "1-0"]
[WhiteElo "2317"]
[BlackElo "2491"]
[EventDate "2008.02.15"]
[PlyCount "115"]

1. e4 g6 2. d4 Bg7 3. Nc3 d6 4. h3 a6 5. a4 Nd7 6. Nf3 b6 7. Bc4 e6 8. Bg5 Ne7 9. Qd2 Bb7 10. O-O h6 11. Bf4 g5 12. Bg3 Ng6 13. Rad1 Nf6 14. e5 Nh5 15. d5 exd5 16. Bxd5 Bxd5 17. Qxd5 O-O 18. exd6 Nxg3 19. fxg3 cxd6 20. Nd4 Ne7 21. Qf3 Rc8 22. Qd3 b5 23. axb5 Qb6 24. Kh2 axb5 25. Ncxb5 Rc5 26. c4 d5 27. Qe2 Ng6 28. Nf5 dxc4 29. Nxg7 Qxb5 30. Nh5 Re5 31. Nf6+ Kg7 32. Qh5 Rf5 33. Ng4 Rh8 34. Ne3 Re5 35. Qf3 Rf8 36. Qf6+ Kg8 37. Nf5 Rxf5 38. Rxf5 Qb7 39. Rfd5 Qc7 40. Rd6 Qa7 41. Rd7 Qc5 42. Rf1 Nh8 43. Rf5 Qc8 44. Rfd5 Ng6 45. h4 gxh4 46. gxh4 Qb8+ 47. g3 Qe8 48. h5 Qe2+ 49. Kh3 Nh8 50. Rd8 Qe6+ 51. Qxe6 fxe6 52. Rxf8+ Kxf8 53. Rc5 Nf7 54. Rxc4 Ng5+ 55. Kg4 Ke7 56. b4 Kd6 57. b5 Nf7 58. Kf4 1-0

[Event "GER-ch 79th"]
[Site "Bad Woerishofen "]
[Date "2008.02.22"]
[Round "8"]
[White "Schunk, Thomas"]
[Black "Sieber, Patrick"]
[Result "0-1"]
[WhiteElo "2284"]
[BlackElo "2236"]
[EventDate "2008.02.15"]
[PlyCount "130"]

1. c4 f5 2. Nc3 Nf6 3. g3 g6 4. Bg2 Bg7 5. d4 O-O 6. Nh3 Nc6 7. O-O e5 8. dxe5 Nxe5 9. c5 c6 10. Bf4 Nf7 11. Ng5 Nxg5 12. Bxg5 b6 13. e4 h6 14. Be3 fxe4 15. Nxe4 Nxe4 16. Bxe4 Qf6 17. Qd3 Kh7 18. Rac1 Rf7 19. h4 h5 20. Qe2 Kh8 21. b4 bxc5 22. bxc5 Rb8 23. Qd3 Rb2 24. Bxg6 Ba6 25. Qd6 Qxd6 26. cxd6 Rf6 27. Bxh5 Bxf1 28. Rxf1 Rxd6 29. Bf7 Bd4 30. Bf4 Rf6 31. Bb3 c5 32. Kh2 a5 33. Kh3 Re2 34. Kg4 Kh7 35. h5 d6 36. f3 Re8 37. Bd5 Rc8 38. Bg5 Rff8 39. f4 c4 40. Rb1 c3 41. Rd1 Bf6 42. Be4+ Kh8 43. Bxf6+ Rxf6 44. Bc2 d5 45. Rxd5 Rb6 46. Rd1 Rb2 47. Rc1 Rxa2 48. Bf5 Rc6 49. Be4 Rc7 50. h6 a4 51. Kf3 Rh2 52. g4 Rh3+ 53. Kg2 Rxh6 54. g5 Rd6 55. Kf3 a3 56. f5 c2 57. Bxc2 Rc3+ 58. Kf4 Kg8 59. Ke5 Rd2 60. Bb3+ Rxb3 61. Rc8+ Kf7 62. g6+ Kg7 63. Rc7+ Kh6 64. Rh7+ Kg5 65. g7 Re3# 0-1

[Event "GER-ch 79th"]
[Site "Bad Woerishofen "]
[Date "2008.02.22"]
[Round "8"]
[White "Siebrecht, Sebastian"]
[Black "Markgraf, Alexander"]
[Result "1/2-1/2"]
[WhiteElo "2487"]
[BlackElo "2442"]
[EventDate "2008.02.15"]
[PlyCount "150"]

1. d4 f5 2. g3 Nf6 3. Bg2 g6 4. Nf3 Bg7 5. O-O O-O 6. b4 Nc6 7. c3 Ne4 8. b5 Na5 9. Nfd2 d5 10. Ba3 a6 11. Qa4 axb5 12. Qxb5 b6 13. Re1 Ba6 14. Qb2 Rf7 15. Qc2 e5 16. Nf3 exd4 17. cxd4 c5 18. Ne5 Rc7 19. Qd1 cxd4 20. Nd3 Rac8 21. h4 Qd7 22. Nb4 Bb5 23. Bb2 Rc4 24. a3 Ba4 25. Qd3 Nb3 26. Ra2 Bh6 27. Qf3 Nc1 28. Ra1 Nb3 29. Ra2 Qb5 30. Kh2 Rd8 31. Rg1 Qd7 32. Re1 Rdc8 33. Rg1 Rf8 34. Re1 Rd8 35. Rg1 Qe7 36. Re1 Bg7 37. Rd1 Qd6 38. e3 Nbc5 39. Rc1 Ne6 40. Bf1 Rxc1 41. Bxc1 Bh6 42. Rb2 Rc8 43. Nd3 Bg7 44. Rb4 Bc2 45. Ne1 Nf6 46. Kg1 Ng4 47. Nxc2 Rxc2 48. Bd2 Bh6 49. Bd3 Rxd2 50. Nxd2 dxe3 51. Nf1 Nxf2 52. Ba6 Qe5 53. Rxb6 Nd4 54. Rb8+ Kg7 55. Rb7+ Kh8 56. Qg2 f4 57. gxf4 Qxf4 58. Nh2 Qe5 59. Ng4 e2 60. Bxe2 Qxe2 61. Qxf2 Qxg4+ 62. Kf1 Qh3+ 63. Ke1 Qe6+ 64. Kd1 Qg4+ 65. Ke1 Nf3+ 66. Kf1 Nd2+ 67. Ke1 Qe4+ 68. Kd1 Qg4+ 69. Qe2 Qa4+ 70. Ke1 Qxh4+ 71. Kd1 Qa4+ 72. Ke1 Qh4+ 73. Kd1 Qa4+ 74. Ke1 Qh4+ 75. Kd1 Qa4+ 1/2-1/2

[Event "GER-ch 79th"]
[Site "Bad Woerishofen "]
[Date "2008.02.22"]
[Round "8"]
[White "Tischbierek, Raj"]
[Black "Chevelevitch, Evgueni"]
[Result "0-1"]
[WhiteElo "2487"]
[BlackElo "2456"]
[EventDate "2008.02.15"]
[PlyCount "88"]

1. g3 e5 2. Bg2 d5 3. d3 Nf6 4. Nf3 Nc6 5. O-O Be7 6. c3 a5 7. Nbd2 O-O 8. e4 dxe4 9. dxe4 Qd3 10. Re1 Bc5 11. h3 Nh5 12. Nf1 Qxd1 13. Rxd1 Nf6 14. Ne1 Be6 15. Nd3 Rad8 16. Bg5 Bb6 17. Ne3 Rd7 18. Bxf6 gxf6 19. Nd5 Bxd5 20. exd5 Ne7 21. c4 Bd4 22. Nf4 b6 23. Rab1 Nf5 24. Nh5 Rd6 25. g4 Ne7 26. Ng3 f5 27. gxf5 Rf6 28. Be4 Nc8 29. b3 Nd6 30. Bc2 Rh6 31. Kg2 Kg7 32. Rd2 Kf6 33. Rf1 Rg8 34. Kh2 Rh4 35. Re2 Rg5 36. Be4 Rxg3 37. fxg3 Rxe4 38. Rxe4 Nxe4 39. g4 Nc3 40. a3 e4 41. Kg3 Ke5 42. Re1 Bc5 43. a4 e3 44. Kf3 e2 0-1

[Event "GER-ch 79th"]
[Site "Bad Woerishofen "]
[Date "2008.02.22"]
[Round "8"]
[White "Zude, Arno"]
[Black "Grimberg, Boris"]
[Result "1-0"]
[WhiteElo "2452"]
[BlackElo "2261"]
[EventDate "2008.02.15"]
[PlyCount "57"]

1. e4 c5 2. Nf3 d6 3. d4 cxd4 4. Nxd4 Nf6 5. Nc3 g6 6. Be3 Bg7 7. f3 O-O 8. Qd2 Nc6 9. Bc4 Bd7 10. h4 Rc8 11. Bb3 h5 12. O-O-O Ne5 13. Kb1 Nc4 14. Qe2 Nxe3 15. Qxe3 Qa5 16. g4 hxg4 17. f4 e5 18. Nde2 Bc6 19. h5 exf4 20. Nxf4 g5 21. Ng6 Rfe8 22. h6 Bxh6 23. Rxh6 Kg7 24. Ne7 Kxh6 25. Rh1+ Kg7 26. Bd5 Kf8 27. Nf5 Re5 28. Rh8+ Ng8 29. Qxg5 1-0

[Event "GER-ch 79th"]
[Site "Bad Woerishofen "]
[Date "2008.02.23"]
[Round "9"]
[White "Baramidze, David"]
[Black "Gschnitzer, Oswald"]
[Result "1-0"]
[WhiteElo "2582"]
[BlackElo "2408"]
[EventDate "2008.02.15"]
[PlyCount "49"]

1. e4 c5 2. Nf3 d6 3. d4 cxd4 4. Nxd4 Nf6 5. Nc3 Nc6 6. Bg5 Bd7 7. Qd2 Rc8 8. O-O-O Nxd4 9. Qxd4 Qa5 10. Bd2 a6 11. f3 g6 12. h4 Bg7 13. h5 gxh5 14. Qf2 b5 15. Kb1 b4 16. Ne2 Be6 17. Nc1 Nd7 18. Be3 Rg8 19. Nb3 Bxb3 20. cxb3 Bf6 21. Rd5 Qc7 22. Bxa6 Ra8 23. Rc1 Nc5 24. Bxc5 dxc5 25. Rdxc5 1-0

[Event "GER-ch 79th"]
[Site "Bad Woerishofen "]
[Date "2008.02.23"]
[Round "9"]
[White "Bastian, Herbert"]
[Black "Kesten, Sebastian"]
[Result "1-0"]
[WhiteElo "2385"]
[BlackElo "2048"]
[EventDate "2008.02.15"]
[PlyCount "61"]

1. e4 c5 2. Nc3 Nc6 3. g3 g6 4. Bg2 Bg7 5. d3 d6 6. Be3 e5 7. Nd5 Nge7 8. Nxe7 Qxe7 9. Ne2 O-O 10. O-O Bg4 11. h3 Be6 12. Nc3 Qd7 13. Kh2 Nd4 14. Nd5 f5 15. exf5 Nxf5 16. Bd2 Rf7 17. a3 Raf8 18. Rb1 Nd4 19. f4 g5 20. c3 exf4 21. gxf4 Nc6 22. Qh5 gxf4 23. Nxf4 Be5 24. Kh1 Rxf4 25. Bxf4 Rxf4 26. Rxf4 Bxf4 27. Bd5 Ne5 28. Rg1+ Kh8 29. Be4 d5 30. Qh4 dxe4 31. Qf6+ 1-0

[Event "GER-ch 79th"]
[Site "Bad Woerishofen "]
[Date "2008.02.23"]
[Round "9"]
[White "Braun, Arik"]
[Black "Naumann, Alexander"]
[Result "1/2-1/2"]
[WhiteElo "2536"]
[BlackElo "2541"]
[EventDate "2008.02.15"]
[PlyCount "43"]

1. Nf3 d5 2. d4 Nf6 3. c4 c6 4. Nc3 dxc4 5. a4 Bf5 6. Nh4 Bc8 7. e3 e5 8. Bxc4 exd4 9. exd4 Be7 10. O-O O-O 11. Re1 Na6 12. Nf3 Nb4 13. Qe2 Re8 14. Bg5 Bf5 15. Ne5 Nfd5 16. Bxe7 Rxe7 17. Qf3 Be6 18. Rad1 Qc7 19. Re2 Nxc3 20. bxc3 Bxc4 21. Nxc4 Nd5 22. Rde1 1/2-1/2

[Event "GER-ch 79th"]
[Site "Bad Woerishofen "]
[Date "2008.02.23"]
[Round "9"]
[White "Chevelevitch, Evgueni"]
[Black "Fridman, Daniel"]
[Result "0-1"]
[WhiteElo "2456"]
[BlackElo "2628"]
[EventDate "2008.02.15"]
[PlyCount "96"]

1. e4 c6 2. d4 d5 3. Nc3 dxe4 4. Nxe4 Bf5 5. Ng3 Bg6 6. h4 h6 7. Nf3 Nd7 8. h5 Bh7 9. Bd3 Bxd3 10. Qxd3 e6 11. Bf4 Qa5+ 12. Bd2 Bb4 13. Ne4 Ngf6 14. Nd6+ Ke7 15. Nxb7 Bxd2+ 16. Nxd2 Qb4 17. Qb3 Qxd4 18. O-O-O Rab8 19. Qa3+ c5 20. Na5 Rhc8 21. Nf3 Qb4 22. Qxb4 cxb4 23. Nd4 Rb6 24. Nab3 Rd6 25. Rhe1 Rd5 26. g4 Kf8 27. f3 a5 28. Kb1 Nb6 29. Ne2 a4 30. Rxd5 Nfxd5 31. Nd2 a3 32. bxa3 bxa3 33. Rc1 Rb8 34. Ka1 Ne3 35. Nd4 Rd8 36. N4b3 Rc8 37. Kb1 f5 38. Nd4 Kf7 39. gxf5 exf5 40. Re1 Nbd5 41. c4 Nxc4 42. Nxc4 Rxc4 43. Nxf5 Rc6 44. Rg1 Rf6 45. Nd4 Rb6+ 46. Nb3 Nc3+ 47. Ka1 Rd6 48. Rc1 Rd3 0-1

[Event "GER-ch 79th"]
[Site "Bad Woerishofen "]
[Date "2008.02.23"]
[Round "9"]
[White "Heinig, Wolfram"]
[Black "Neerforth, Philipp"]
[Result "1-0"]
[WhiteElo "2338"]
[BlackElo "2258"]
[EventDate "2008.02.15"]
[PlyCount "94"]

1. Nf3 Nf6 2. c4 g6 3. Nc3 d5 4. cxd5 Nxd5 5. Qa4+ Bd7 6. Qh4 Nxc3 7. dxc3 Nc6 8. e4 e5 9. Bg5 Be7 10. Bc4 h6 11. Bxe7 Qxe7 12. Qg3 O-O-O 13. O-O g5 14. Rfd1 f6 15. b4 Be6 16. Bd5 Rd7 17. Rd2 Rhd8 18. Rad1 Qf7 19. Ne1 Bxd5 20. Rxd5 Rxd5 21. exd5 Rxd5 22. Qh3+ Kd8 23. Rxd5+ Qxd5 24. Qxh6 Qe4 25. Qxf6+ Ne7 26. Qh8+ Kd7 27. Qh3+ Kd6 28. Kf1 Nd5 29. Qh6+ Kd7 30. Qxg5 Qc4+ 31. Kg1 Qxc3 32. Qg4+ Kd6 33. Qd1 Qxb4 34. Nc2 Qa4 35. a3 c5 36. g3 b5 37. h4 Kc6 38. h5 Qe4 39. h6 b4 40. axb4 cxb4 41. Qh5 b3 42. Qe8+ Kc7 43. Qf7+ Kb6 44. Na3 Qe1+ 45. Kh2 Nc3 46. h7 Ne2 47. Qf6+ Kc5 1-0

[Event "GER-ch 79th"]
[Site "Bad Woerishofen "]
[Date "2008.02.23"]
[Round "9"]
[White "Henrichs, Thomas"]
[Black "Kunin, Vitaly L"]
[Result "1-0"]
[WhiteElo "2481"]
[BlackElo "2538"]
[EventDate "2008.02.15"]
[PlyCount "135"]

1. d4 Nf6 2. c4 e6 3. g3 c5 4. d5 exd5 5. cxd5 d6 6. Nc3 g6 7. Bg2 Bg7 8. Nf3 O-O 9. O-O a6 10. a4 Nbd7 11. Nd2 Rb8 12. Nc4 Ne8 13. a5 Ne5 14. Nb6 Nd7 15. Nca4 Nxb6 16. Nxb6 Nc7 17. Nc4 Nb5 18. Bf4 Re8 19. Re1 Qe7 20. Qd2 Bd7 21. Rac1 Rbd8 22. b4 cxb4 23. Qxb4 Bc8 24. e4 h6 25. Be3 Bd7 26. Nb6 Qf6 27. Qd2 Nd4 28. Rc7 Bb5 29. Qd1 g5 30. h3 Rb8 31. Kh2 Red8 32. Rc1 Kh8 33. Rb1 Be8 34. Rb4 Nb5 35. Rc4 Qb2 36. Qd2 Kg8 37. Rc2 Qf6 38. f4 gxf4 39. Bxf4 Qg6 40. e5 dxe5 41. Bxe5 Bxe5 42. Rxe5 Nd6 43. Rb2 Qg7 44. Qf4 Bb5 45. Rf2 Bd3 46. h4 Bg6 47. Bh3 Kh8 48. Re7 Nb5 49. Bd7 Nd4 50. d6 Rg8 51. Re5 Ne6 52. Bxe6 fxe6 53. Rxe6 Rbf8 54. Qe3 Rxf2+ 55. Qxf2 Rf8 56. Qd2 Qf7 57. Qxh6+ Bh7 58. Re2 Qf1 59. Qe3 Bd3 60. Rd2 Rf3 61. Qd4+ Kh7 62. d7 Bf5 63. Rg2 Bh3 64. Kxh3 Qh1+ 65. Kg4 Qxg2 66. Qe4+ Kh6 67. Qxf3 Qd2 68. Qf4+ 1-0

[Event "GER-ch 79th"]
[Site "Bad Woerishofen "]
[Date "2008.02.23"]
[Round "9"]
[White "Jorczik, Julian Marcel"]
[Black "Zude, Arno"]
[Result "0-1"]
[WhiteElo "2286"]
[BlackElo "2452"]
[EventDate "2008.02.15"]
[PlyCount "56"]

1. d4 Nf6 2. c4 e6 3. Nf3 Bb4+ 4. Nbd2 b6 5. e3 Bb7 6. Bd3 O-O 7. O-O c5 8. a3 Bxd2 9. Bxd2 d6 10. b4 Nbd7 11. Bc3 Qc7 12. Nd2 Rfd8 13. Qc2 Rac8 14. a4 h6 15. a5 cxd4 16. exd4 b5 17. a6 Ba8 18. c5 dxc5 19. dxc5 Ng4 20. g3 Nxc5 21. bxc5 Qxc5 22. Rac1 Qh5 23. h4 Ne5 24. Bh7+ Kh8 25. f4 b4 26. Ne4 Nf3+ 27. Kg2 Rxc3 28. Nxc3 Ne1+ 0-1

[Event "GER-ch 79th"]
[Site "Bad Woerishofen "]
[Date "2008.02.23"]
[Round "9"]
[White "Kritz, Leonid"]
[Black "Hausrath, Daniel"]
[Result "1-0"]
[WhiteElo "2592"]
[BlackElo "2507"]
[EventDate "2008.02.15"]
[PlyCount "89"]

1. e4 c5 2. Nf3 Nc6 3. Bb5 Nf6 4. Bxc6 dxc6 5. d3 g6 6. h3 Bg7 7. Nc3 Nd7 8. Be3 e5 9. Qd2 Qe7 10. Bh6 f6 11. Bxg7 Qxg7 12. Nh2 Nf8 13. f4 exf4 14. Qxf4 Ne6 15. Qf2 O-O 16. O-O h5 17. Nf3 Bd7 18. Rae1 Rae8 19. Ne2 f5 20. exf5 Rxf5 21. Qg3 g5 22. Nc3 Ref8 23. Qd6 g4 24. hxg4 hxg4 25. Ne5 Bc8 26. Rxf5 Rxf5 27. Nc4 Qh6 28. Ne4 Rf7 29. Ne3 Qh4 30. Rf1 Rxf1+ 31. Kxf1 Qh6 32. Qe5 Qf8+ 33. Ke1 Qh6 34. Nf6+ Kf7 35. Nfxg4 Qh4+ 36. Kd2 Bd7 37. Qf5+ Ke7 38. Ne5 Be8 39. N5g4 Qg5 40. Qh7+ Bf7 41. Nh6 Qf4 42. Nhf5+ Ke8 43. Qh8+ Kd7 44. Qf6 Qf2+ 45. Kc1 1-0

[Event "GER-ch 79th"]
[Site "Bad Woerishofen "]
[Date "2008.02.23"]
[Round "9"]
[White "Rotstein, Arkadij"]
[Black "Reuss, Andreas"]
[Result "1-0"]
[WhiteElo "2548"]
[BlackElo "2326"]
[EventDate "2008.02.15"]
[PlyCount "47"]

1. Nf3 d5 2. d4 b5 3. c3 e6 4. Bg5 f6 5. Bf4 c5 6. Nbd2 c4 7. e4 Nc6 8. g3 b4 9. Bg2 bxc3 10. bxc3 Qa5 11. exd5 exd5 12. O-O Nge7 13. Re1 Kf7 14. Nh4 h5 15. Nxc4 dxc4 16. d5 Bg4 17. Qb1 g5 18. d6 Rc8 19. Bxc6 gxf4 20. dxe7 Bxe7 21. Qg6+ Kf8 22. Qe4 Bd6 23. Qd4 Qd8 24. Re8+ 1-0

[Event "GER-ch 79th"]
[Site "Bad Woerishofen "]
[Date "2008.02.23"]
[Round "9"]
[White "Schlenker, Joerg"]
[Black "Namyslo, Holger"]
[Result "0-1"]
[WhiteElo "2297"]
[BlackElo "2327"]
[EventDate "2008.02.15"]
[PlyCount "38"]

1. Nf3 d5 2. b3 Nf6 3. Bb2 e6 4. e3 Bd6 5. Ne5 O-O 6. f4 c5 7. d3 Nc6 8. Nd2 d4 9. Ndc4 Nd5 10. Qf3 Bxe5 11. fxe5 b5 12. exd4 bxc4 13. dxc4 Qa5+ 14. Kd1 Nde7 15. d5 exd5 16. Bd3 Be6 17. g4 Rad8 18. Bc3 Qc7 19. cxd5 Nxd5 0-1

[Event "GER-ch 79th"]
[Site "Bad Woerishofen "]
[Date "2008.02.23"]
[Round "9"]
[White "Schuetze, Norman"]
[Black "Tischbierek, Raj"]
[Result "0-1"]
[WhiteElo "2317"]
[BlackElo "2487"]
[EventDate "2008.02.15"]
[PlyCount "84"]

1. e4 g6 2. d4 d6 3. Nc3 Bg7 4. h3 a6 5. a4 Nf6 6. Nf3 O-O 7. Bg5 b6 8. Bc4 h6 9. Bf4 Bb7 10. Qe2 Nbd7 11. O-O e6 12. Rad1 Qe8 13. Rfe1 e5 14. dxe5 dxe5 15. Bc1 Nc5 16. Nd5 Bxd5 17. exd5 e4 18. Nd4 Qxa4 19. b3 Qe8 20. Ba3 Nfd7 21. d6 cxd6 22. Bd5 Rc8 23. Bxe4 Qxe4 24. Qxe4 Nxe4 25. Rxe4 Nf6 26. Re7 Nd5 27. Ree1 Nc3 28. Rd3 Bxd4 29. Rxd4 Nb5 30. Ra4 Rxc2 31. Kf1 Nxa3 32. Rxa3 a5 33. Re3 Rb2 34. Ra4 Rc8 35. g4 Rc7 36. Rd4 Rd7 37. Rd5 Kf8 38. Rb5 Rb7 39. Rd5 Re7 40. Rf3 Rd7 41. Rb5 a4 42. Rxb6 Ra7 0-1

[Event "GER-ch 79th"]
[Site "Bad Woerishofen "]
[Date "2008.02.23"]
[Round "9"]
[White "Sieber, Patrick"]
[Black "Salov, Sergej"]
[Result "1/2-1/2"]
[WhiteElo "2236"]
[BlackElo "2282"]
[EventDate "2008.02.15"]
[PlyCount "93"]

1. e4 c5 2. Nf3 e6 3. c3 d5 4. e5 d4 5. Bd3 Ne7 6. O-O Nbc6 7. Re1 a6 8. Na3 Ng6 9. Nc2 Qc7 10. Bxg6 hxg6 11. cxd4 cxd4 12. Ncxd4 Nxd4 13. Nxd4 b5 14. Nb3 Bb7 15. d4 Be7 16. Be3 O-O 17. Rc1 Qd7 18. Nc5 Bxc5 19. Rxc5 Rac8 20. f3 Rfd8 21. Rxc8 Rxc8 22. Qd2 Bd5 23. b3 Qc6 24. Rc1 Qxc1+ 25. Qxc1 Rxc1+ 26. Bxc1 a5 27. Kf2 a4 28. bxa4 bxa4 29. a3 f6 30. h4 fxe5 31. dxe5 Kf7 32. Kg3 Bc4 33. Kf4 Bf1 34. g3 Be2 35. Bd2 Bd1 36. Bb4 Be2 37. g4 Bd1 38. Ke3 Kg8 39. Be7 Kf7 40. Bg5 Kg8 41. Kf2 Kf7 42. Kg3 Be2 43. Bd2 Bd1 44. h5 gxh5 45. gxh5 Be2 46. Bg5 Bd1 47. Bd2 1/2-1/2

[Event "GER-ch 79th"]
[Site "Bad Woerishofen "]
[Date "2008.02.23"]
[Round "9"]
[White "Siebrecht, Sebastian"]
[Black "Kachiani Gersinska, Ketino"]
[Result "1-0"]
[WhiteElo "2487"]
[BlackElo "2395"]
[EventDate "2008.02.15"]
[PlyCount "73"]

1. c4 Nf6 2. Nc3 g6 3. e4 d6 4. d4 Bg7 5. Bd3 O-O 6. Nge2 Nbd7 7. Ng3 a6 8. h4 c5 9. d5 b5 10. cxb5 Ne5 11. Be2 axb5 12. Nxb5 Bg4 13. f3 Bd7 14. Nc3 h5 15. Nf1 Qa5 16. Ne3 Rfb8 17. O-O Rb4 18. Qc2 Rab8 19. Rb1 Rd4 20. b3 Rdb4 21. Bd2 Qa7 22. Nc4 Nxc4 23. Bxc4 Ne8 24. Kh1 Qa3 25. Bc1 Qa5 26. Bg5 Ra8 27. Rbc1 Kf8 28. Qd2 Nc7 29. a4 Rbb8 30. Bh6 Ne8 31. Rce1 Bxh6 32. Qxh6+ Kg8 33. Re3 Ng7 34. f4 Rb4 35. f5 Be8 36. fxg6 fxg6 37. Ref3 1-0

[Event "GER-ch 79th"]
[Site "Bad Woerishofen "]
[Date "2008.02.23"]
[Round "9"]
[White "Tabatt, Hendrik"]
[Black "Graf, Felix"]
[Result "1-0"]
[WhiteElo "2310"]
[BlackElo "2177"]
[EventDate "2008.02.15"]
[PlyCount "87"]

1. d4 Nf6 2. Nf3 e6 3. c4 Bb4+ 4. Nbd2 d6 5. e4 Bxd2+ 6. Nxd2 e5 7. d5 a5 8. Be2 O-O 9. O-O Na6 10. Rb1 Bd7 11. b3 c6 12. Bb2 Nc5 13. Qc2 cxd5 14. exd5 Qc8 15. Qc3 Bf5 16. Rbc1 Nfe4 17. Nxe4 Nxe4 18. Qe1 Nc5 19. Rc3 Qd7 20. Re3 b6 21. f4 f6 22. Qh4 Rae8 23. fxe5 fxe5 24. Ref3 Bg6 25. Qf2 Qe7 26. Bc1 Be4 27. Rxf8+ Rxf8 28. Qe3 Rxf1+ 29. Bxf1 Bc2 30. Qc3 Bd1 31. Be3 Qc7 32. Qe1 Bg4 33. Qf2 Bd1 34. Qf5 Qd7 35. Qb1 Bh5 36. a3 Bg6 37. Qd1 Qa7 38. Be2 h6 39. Bg4 Nd3 40. Be6+ Kh7 41. Qf3 Qb8 42. h4 h5 43. Bf5 Nc5 44. Qxh5+ 1-0

[Event "GER-ch 79th"]
[Site "Bad Woerishofen "]
[Date "2008.02.23"]
[Round "9"]
[White "Wehner, Janis"]
[Black "Krause, Ullrich"]
[Result "1/2-1/2"]
[WhiteElo "2184"]
[BlackElo "2279"]
[EventDate "2008.02.15"]
[PlyCount "59"]

1. e4 e6 2. d4 d5 3. Nd2 Nf6 4. e5 Nfd7 5. Bd3 c5 6. c3 Nc6 7. Ne2 Qb6 8. Nf3 cxd4 9. cxd4 f6 10. exf6 Nxf6 11. O-O Bd6 12. b3 O-O 13. Bf4 Bxf4 14. Nxf4 g6 15. Bc2 Bd7 16. g3 Rae8 17. Qd2 Nxd4 18. Qxd4 Qxd4 19. Nxd4 e5 20. Nfe2 exd4 21. Nxd4 g5 22. f3 a5 23. Rfe1 b5 24. a3 Rxe1+ 25. Rxe1 Rc8 26. Kf2 Kf7 27. Re3 b4 28. a4 h6 29. Ke2 Ng8 30. Kd2 1/2-1/2